000 00876cam a2200265 a 4500
001 000004426
003 DO-SdBNP
005 20240305135616.0
008 911119s1993 sp 000 f spa
020 _a8474612217
040 _aDO-SdBNP
_bspa
_cBNPHU
082 4 _a823.3
_bD754a
100 1 _aDoyle, Arthur Conan,
_d1859-1930
_913006
245 1 0 _aAventuras de Sherlock Holmes /
_cArthur Conan Doyle ; prólogo de Luis A. García Melero.
260 _aMadrid :
_bClub Internacional del Libro,
_c1993.
300 _a185 p. ;
_c19 cm.
490 1 _aGrandes genios de la literatura universal
650 4 _aNovela inglesa
_91071
650 4 _aLiteratura inglesa
_9498
700 1 _aGarcía Melero, Luis A.,
_epról.
_913007
830 0 _aGrandes genios de la literatura universal
_97077
910 _aValidado. Control de calidad MFF
910 _aWM
942 _2ddc
_cLBS1
999 _c4235
_d4235